00420nam a22001457a 4500003000400000008004100004082001700045100002400062245008300086260003200169300000900201502001500210650003200225650001700257OSt260428b |||||||| |||| 00| 0 eng d a635.25bK98E aKumar, Rajiv Ranjan aEffect of Zinc and Boron of Growth Yield and Quality of Onion (Allium cepa L.) aPusa, SamastipurbRAUc1996 a56P. bMsc.d1996 aVegetables and Floriculture aHorticulture